Jakob + macfarlane : (Record no. 352548)
[ view plain ]
| 000 -LEADER | |
|---|---|
| fixed length control field | 01824 a2200265 4500 |
| 003 - CONTROL NUMBER IDENTIFIER | |
| control field | OSt |
| 005 - DATE AND TIME OF LATEST TRANSACTION | |
| control field | 20260203101246.0 |
| 008 - FIXED-LENGTH DATA ELEMENTS--GENERAL INFORMATION | |
| fixed length control field | 120517t xxu||||| |||| 00| 0 eng d |
| 020 ## - INTERNATIONAL STANDARD BOOK NUMBER | |
| International Standard Book Number | 1920744835 (hardcover) |
| 020 ## - INTERNATIONAL STANDARD BOOK NUMBER | |
| International Standard Book Number | 9781920744830 (hardcover) |
| 040 ## - CATALOGING SOURCE | |
| Transcribing agency | 0 |
| 082 04 - DEWEY DECIMAL CLASSIFICATION NUMBER | |
| Classification number | 720.922 |
| 100 1# - MAIN ENTRY--PERSONAL NAME | |
| Personal name | Group, Images Publishing. |
| 9 (RLIN) | 1656 |
| 245 10 - TITLE STATEMENT | |
| Title | Jakob + macfarlane : |
| Remainder of title | neo architecture / |
| Statement of responsibility, etc. | Images Publishing Group. |
| 260 ## - PUBLICATION, DISTRIBUTION, ETC. | |
| Place of publication, distribution, etc. | Victoria : |
| Name of publisher, distributor, etc. | Images Publishing Dist A/C, |
| Date of publication, distribution, etc. | 2007. |
| 300 ## - PHYSICAL DESCRIPTION | |
| Extent | 124 p. : |
| Other physical details | ill.; |
| Dimensions | 27 cm. |
| 520 ## - SUMMARY, ETC. | |
| Summary, etc. | The work of Paris-based architects Jakob + McFarlane can best be described as the capture and articulation of movement, both etheral and real. The firm's focus on movement seeks to mobilise vectors of force to infuse a dynamic sensibility in its work, evident in well-known projects such as Restaurant Georges at the Pompidou Centre and the Florence Loewy Bookshop, both in Paris. The firm's sophisticated design schemes are the result of high-end digital compuer technology used in its design process. Jakob + MacFarlane's work has been published and exhibtied widely and it has been proclaimed as a highly promising collaborative, representing the best in French architecture and architectural sensibility of the twenty-first century. This book explores a variety of Jakob + MacFarlane's projects to date, both built and unbuilt, allowing the reader an insight into the workings of a burgeoning practice. |
| 650 0# - SUBJECT ADDED ENTRY--TOPICAL TERM | |
| Topical term or geographic name entry element | Architectural firms |
| 9 (RLIN) | 32517 |
| 650 0# - SUBJECT ADDED ENTRY--TOPICAL TERM | |
| Topical term or geographic name entry element | Architecture, Modern |
| 9 (RLIN) | 32028 |
| 650 0# - SUBJECT ADDED ENTRY--TOPICAL TERM | |
| Topical term or geographic name entry element | Architecture, Modern |
| Chronological subdivision | 20th century |
| 9 (RLIN) | 1659 |
| 651 0# - SUBJECT ADDED ENTRY--GEOGRAPHIC NAME | |
| Geographic name | France |
| Geographic subdivision | Paris |
| 9 (RLIN) | 32873 |
| 856 40 - ELECTRONIC LOCATION AND ACCESS | |
| Materials specified | Amazon.com |
| Uniform Resource Identifier | <a href="http://www.amazon.com/exec/obidos/ASIN/1920744835/chopaconline-20">http://www.amazon.com/exec/obidos/ASIN/1920744835/chopaconline-20</a> |
| 942 ## - ADDED ENTRY ELEMENTS (KOHA) | |
| Institution code [OBSOLETE] | SADA |
| Koha item type | Book |
| Call number prefix | 720.922 JAK 2007 |
| Source of classification or shelving scheme | |
| Withdrawn status | Lost status | Source of classification or shelving scheme | Damaged status | Not for loan | Permanent Location | Current Location | Date acquired | Total Checkouts | Full call number | Barcode | Date last seen | Date last checked out | Cost, replacement price | Price effective from | Koha item type |
|---|---|---|---|---|---|---|---|---|---|---|---|---|---|---|---|
| School of Art Design and Architecture (SADA) | School of Art Design and Architecture (SADA) | 12/22/2010 | 2 | 720.922 JAK 2007 | SADA0000494 | 05/18/2012 | 05/11/2012 | 2971.00 | 08/05/2011 | Book |
